00620nam a2200193Ia 4500952013300000999001700133003000400150005001700154008004100171020001500212040000900227082001800236100002100254245003900275260004900314300000900363650001200372942004200384 00102ddc40708PHYSICSaMESbMEScPHYd2019-02-20g150.00l0o530.03 SIN/Dp31377r2019-02-20 00:00:00w2019-02-20yBKzGL11R2 c34109d34109OSt20200907105454.0190216s9999||||xx |||||||||||||| ||und|| a8171694659 coclc a530.03bSIN/D aSingh, S K94459 0aDictionary Of Physics /cS K Singh bCommon Wealth Publishers,aNew Delhi:c2006. a247p aPhysics cBK2ddch530.03iSIN/Dk530.03mSIN/D